• 首页
  • 本馆介绍
  • 公告通知
  • 最新文献
  • 馆藏检索
  • 电子资源
  • 读者导购
  • 参考咨询
  • 我的图书馆
  • 登录
  • 详细信息显示
  • 放入我的书架
  • 预约/预借图书
  • 作者相关作品
  • 分类相关作品
  • 丛书相关作品
  • 出版社相关作品

书目信息

  • 表格格式
  • 工作单格式
  • 卡片格式
题名:
遥感图像获取与处理
    
 
作者: 苏娟 编著
分册:  
出版信息: 北京   清华大学出版社  2014.10
页数: 235页
开本: 26cm
丛书名:
单 册:
中图分类: TP75
科图分类:
主题词: 遥感图象--图象处理--高等学校--教材 , 图象处理 , 高等学校 , 教材
电子资源:
ISBN: 978-7-302-36842-7
000 00920nam0 2200277 45
001 351922
005 20161017162343.18
010    @a978-7-302-36842-7@dCNY35.00
100    @a20150307d2014 em y0chiy50 ea
101 0  @achi
102    @aCN@b110000
105    @aa z 000yy
106    @ar
200 1  @a遥感图像获取与处理@f苏娟编著
210    @a北京@c清华大学出版社@d2014.10
215    @a235页@c图@d26cm
300    @a全国普通高校电子信息类专业规划教材
330    @a本书共10章,主要讲述了遥感基本理论、遥感的物理基础、遥感图象的采集、遥感图象基础知识、遥感图象的校正处理、遥感图象的匹配处理、遥感图象的增强处理、遥感图象的分类处理、遥感图象的变化检测、遥感图象的目视判读等内容。
606 0  @a遥感图象@x图象处理@x高等学校@j教材
606 0  @a图象处理
606 0  @a高等学校
606 0  @a教材
690    @aTP75@v5
701  0 @a苏娟@4编著
801  0 @aCN@bTANGWEI@c20161010
905    @b0897190-4@dTP75@e48@f5
    
    遥感图像获取与处理/苏娟编著 .-北京:清华大学出版社,2014.10
    235页:图;26cm
    全国普通高校电子信息类专业规划教材
    
    ISBN 978-7-302-36842-7:CNY35.00
    本书共10章,主要讲述了遥感基本理论、遥感的物理基础、遥感图象的采集、遥感图象基础知识、遥感图象的校正处理、遥感图象的匹配处理、遥感图象的增强处理、遥感图象的分类处理、遥感图象的变化检测、遥感图象的目视判读等内容。
●
相关链接 在E读中查询图书 在五车中查询图书 在当当中查询图书 在豆瓣中查询图书


正题名:遥感图像获取与处理     索取号:TP75/48         预约/预借

序号 登录号 条形码 馆藏地/架位号 状态 备注
1 0897190   208971905   第二样本阅览室/ [索取号:TP75/48] 在馆    
2 0897191   208971914   第三借阅区/ [索取号:TP75/48] 在馆    
3 0897192   208971923   第三借阅区/ [索取号:TP75/48] 在馆    
4 0897193   208971932   第三借阅区/ [索取号:TP75/48] 在馆    
5 0897194   208971941   第三借阅区/ [索取号:TP75/48] 在馆    
唐山师范学院图书馆 欢迎您!
大连网信软件有限公司© 版权所有